000 00500nam a22001817a 4500
005 20241228103059.0
008 241223b ||||| |||| 00| 0 eng d
040 _cAL
041 _aEnglish
082 _223
_a348.04
_bEASS
100 _aEastern Book Company
_9191925
245 _aSupreme Court Cases2004: Vol 11
260 _aLucknow
_bEastern Book Comapny
_c2016
440 _aVolume 11
_9191920
650 _aLaw
_9191864
650 _aMode of Citation(2004) 10 SCC
_9191865
942 _2ddc
_cBI
999 _c233436
_d233436